[Event "Offene Hessische Senioren Einzelmeisters"]
[Site "Bad Sooden- Allendorf"]
[Date "2011.05.04"]
[Round "5.2"]
[White "van den Berg, Ad"]
[Black "Knaak, Joachim"]
[Result "1-0"]
[WhiteElo "2220"]
[BlackElo "2190"]
[PlyCount "99"]
[EventDate "2011.??.??"]

1. e4 c5 2. Nc3 d6 3. Nge2 Nf6 4. d4 cxd4 5. Nxd4 g6 6. Be3 Bg7 7. Be2 Nc6 8.
O-O O-O 9. Qd2 Nxd4 10. Bxd4 Be6 11. Rfe1 Qa5 12. Rad1 Rfe8 13. Bf3 Nd7 14.
Bxg7 Kxg7 15. Nd5 Qxd2 16. Rxd2 Bxd5 17. exd5 Rac8 18. c3 Rc5 19. Bd1 Nb6 20.
Bb3 a5 21. Re4 f5 22. Red4 Nd7 23. h3 Rb8 24. Re2 Kf7 25. g4 Ne5 26. Kg2 fxg4
27. hxg4 g5 28. Bc2 b5 29. a3 Rc4 30. Bf5 Rb7 31. f3 Rxd4 32. cxd4 Ng6 33.
Bxg6+ Kxg6 34. Rc2 b4 35. a4 b3 36. Rc4 Kf6 37. Kg3 Rb8 38. f4 gxf4+ 39. Kxf4
e6 40. g5+ Ke7 41. Ke4 Kd7 42. Rc3 Rb4 43. Rh3 e5 44. Rxh7+ Ke8 45. Ra7 Rxa4
46. Kf5 exd4 47. Ke6 Kf8 48. Kf6 Ke8 49. g6 d3 50. g7 1-0

[Event "Offene Hessische Senioren Einzelmeisters"]
[Site "Bad Sooden- Allendorf"]
[Date "2011.05.04"]
[Round "5.3"]
[White "Wünsch, Ulrich"]
[Black "Vogel, Jaap"]
[Result "1/2-1/2"]
[WhiteElo "2142"]
[BlackElo "2216"]
[PlyCount "35"]
[EventDate "2011.??.??"]

1. d4 d5 2. Nf3 Nf6 3. e3 g6 4. c4 e6 5. Nc3 Bg7 6. Be2 O-O 7. O-O b6 8. b3 Bb7
9. Bb2 Nbd7 10. Rc1 Ne4 11. Qc2 Nxc3 12. Bxc3 dxc4 13. bxc4 c5 14. Rfd1 Qe7 15.
Qb3 f5 16. a4 Rab8 17. Qa3 g5 18. a5 1/2-1/2

[Event "Offene Hessische Senioren Einzelmeisters"]
[Site "Bad Sooden- Allendorf"]
[Date "2011.05.04"]
[Round "5.4"]
[White "Ljubarskij, Juri"]
[Black "Rüberg, Jobst"]
[Result "1-0"]
[WhiteElo "2253"]
[BlackElo "2143"]
[PlyCount "111"]
[EventDate "2011.??.??"]

1. e4 c5 2. Nc3 e6 3. Nf3 a6 4. d4 cxd4 5. Nxd4 Qc7 6. Be3 Nf6 7. a3 Be7 8. g3
d6 9. Bg2 Bd7 10. O-O Nc6 11. Nxc6 Bxc6 12. Bd4 O-O 13. Re1 Rfd8 14. Qe2 Rac8
15. Rad1 b5 16. f4 Qb7 17. g4 a5 18. g5 Nd7 19. b4 axb4 20. axb4 e5 21. Be3
exf4 22. Bxf4 Ne5 23. Nd5 Bxd5 24. exd5 Ng6 25. Bc1 Rc4 26. Be4 Bf8 $11 27. Bd2
Rdc8 28. c3 Re8 29. Qg2 Qc8 30. h3 Nh4 31. Qh1 Ng6 32. Bd3 Rxe1+ 33. Rxe1 Rh4
34. Re3 Qa8 35. Bxb5 Qa1+ 36. Re1 Qa2 37. Be3 Qa3 38. Bd2 Qa7+ 39. Kh2 Ne5 40.
Kg3 Ng6 41. Bd3 Ne5 42. Be4 Rh5 43. Bf3 Nxf3 44. Qxf3 g6 45. h4 h6 46. Be3 Qa2
47. Re2 Qa4 48. Bf4 Kh7 49. Rd2 Bg7 50. Rd3 hxg5 51. hxg5 Be5 52. Bxe5 Rxg5+
53. Kh3 Rh5+ 54. Kg2 dxe5 55. Qxf7+ Kh8 56. Qxg6 1-0

[Event "Offene Hessische Senioren Einzelmeisters"]
[Site "Bad Sooden- Allendorf"]
[Date "2011.05.04"]
[Round "5.5"]
[White "Liebert, Heinz"]
[Black "Niebling, Ferdinand"]
[Result "1-0"]
[WhiteElo "2240"]
[BlackElo "2189"]
[PlyCount "37"]
[EventDate "2011.??.??"]

1. c4 Nf6 2. Nf3 c5 3. Nc3 Nc6 4. d4 cxd4 5. Nxd4 g6 6. e4 d6 7. Be2 Bg7 8. Be3
O-O 9. O-O Bd7 10. Qd2 Nxd4 11. Bxd4 Bc6 12. f3 Qd7 13. b4 b6 14. a4 Ne8 15. a5
Bxd4+ 16. Qxd4 Rb8 17. b5 Ba8 18. axb6 Rxb6 19. c5 1-0

[Event "Offene Hessische Senioren Einzelmeisters"]
[Site "Bad Sooden- Allendorf"]
[Date "2011.05.04"]
[Round "5.6"]
[White "Rädeker, Bernd"]
[Black "Schumacher, Gottfried"]
[Result "1/2-1/2"]
[WhiteElo "2220"]
[BlackElo "2291"]
[PlyCount "35"]
[EventDate "2011.??.??"]

1. d4 Nf6 2. Nf3 b6 3. c4 Bb7 4. g3 e6 5. Bg2 $11 d5 6. O-O Nbd7 7. cxd5 exd5
8. Nc3 Be7 9. Ne5 O-O 10. Qa4 c5 11. Nxd7 Qxd7 12. Qxd7 Nxd7 13. Nxd5 Bxd5 14.
Bxd5 Rad8 15. dxc5 Nxc5 16. Bc4 Bf6 17. Rb1 Rfe8 18. f3 1/2-1/2

[Event "Offene Hessische Senioren Einzelmeisters"]
[Site "Bad Sooden- Allendorf"]
[Date "2011.05.04"]
[Round "5.8"]
[White "Thieme, Hans"]
[Black "Schmidt, Gerhard"]
[Result "1/2-1/2"]
[WhiteElo "2101"]
[BlackElo "2233"]
[PlyCount "31"]
[EventDate "2011.??.??"]

1. e4 c5 2. Nf3 d6 3. Bb5+ Bd7 4. Bxd7+ Qxd7 5. O-O Nc6 6. c3 Nf6 7. d4 cxd4 8.
cxd4 e6 9. d5 Ne5 10. dxe6 fxe6 11. Nc3 Be7 12. h3 Nxf3+ 13. Qxf3 O-O 14. Qe2
$11 d5 15. exd5 exd5 16. Be3 1/2-1/2

[Event "Offene Hessische Senioren Einzelmeisters"]
[Site "Bad Sooden- Allendorf"]
[Date "2011.05.04"]
[Round "5.9"]
[White "Krebs, Dietmar"]
[Black "Haubt, Georg"]
[Result "0-1"]
[WhiteElo "2118"]
[BlackElo "2207"]
[PlyCount "94"]
[EventDate "2011.??.??"]

1. e4 d5 2. exd5 Qxd5 3. Nc3 Qd6 4. d4 Nf6 5. Nf3 a6 6. Be3 g6 7. Qd2 b5 8. a3
Nbd7 9. g3 Nb6 10. b3 Bb7 11. Bg2 Bg7 12. O-O O-O 13. Bf4 Qd8 14. Rad1 e6 15.
Rfe1 Qe7 16. Qc1 Rfd8 17. Ne5 Bxg2 18. Kxg2 c5 19. dxc5 Qxc5 20. Ne4 Nxe4 21.
Rxe4 Rxd1 22. Qxd1 Nd5 23. Qf3 Qxc2 24. Re2 Qf5 25. Bd2 Qxf3+ 26. Kxf3 Rc8 27.
Ng4 Bc3 28. Ne3 Bxd2 29. Rxd2 Rc3 30. Rb2 Kf8 31. Ke4 Nxe3 32. fxe3 a5 33. Kd4
b4 34. axb4 axb4 35. e4 f6 36. e5 f5 37. Rb1 g5 38. Ra1 f4 39. gxf4 gxf4 40.
Rf1 f3 41. Rb1 Kg7 42. Rg1+ Kh6 43. Rg4 Rxb3 44. Rf4 Kg5 45. Rf6 Kg4 46. Kc4
Re3 47. Kxb4 Rxe5 0-1

[Event "Offene Hessische Senioren Einzelmeisters"]
[Site "Bad Sooden- Allendorf"]
[Date "2011.05.04"]
[Round "5.10"]
[White "Jongsma, Lex"]
[Black "Hobusch, Werner"]
[Result "1/2-1/2"]
[WhiteElo "2196"]
[BlackElo "2150"]
[PlyCount "32"]
[EventDate "2011.??.??"]

1. e4 c5 2. Nf3 Nc6 3. Bb5 g6 4. O-O Bg7 5. c3 Nf6 6. Qe2 O-O 7. Rd1 d6 8. d4
cxd4 9. cxd4 a6 10. Ba4 b5 11. Bb3 Na5 12. e5 Nxb3 13. exf6 Nxc1 14. Qxe7 Bxf6
15. Qxd8 Rxd8 16. Rxc1 Bb7 1/2-1/2

[Event "Offene Hessische Senioren Einzelmeisters"]
[Site "Bad Sooden- Allendorf"]
[Date "2011.05.04"]
[Round "5.11"]
[White "Schwertel, Johann"]
[Black "Ghijsen, Pim"]
[Result "0-1"]
[WhiteElo "2026"]
[BlackElo "2194"]
[PlyCount "100"]
[EventDate "2011.??.??"]

1. d4 Nf6 2. Nf3 d5 3. Bf4 c6 4. c3 Bf5 5. Nbd2 h6 6. h3 e6 7. Qb3 Qb6 8. e3
Be7 9. Be2 O-O 10. O-O Nbd7 11. Ne5 Nxe5 12. Bxe5 Nd7 13. Bg3 Bf6 14. Bd6 Rfc8
15. Ba3 e5 16. Qd1 Re8 17. Nb3 Qc7 18. Bg4 Bxg4 19. Qxg4 Nb6 20. Nd2 Re6 21.
Rac1 Rae8 22. b3 Nd7 23. b4 Be7 24. Nb3 Nf6 25. Qd1 Bd6 26. Nc5 R6e7 27. Bb2
Qb6 28. Qb3 Bb8 29. dxe5 Bxe5 30. Qd1 Bb8 31. Qf3 Qc7 32. g3 Qc8 33. Kg2 Ne4
34. Nxe4 Rxe4 35. Rcd1 Be5 36. Rd3 Qe6 37. Qd1 Qg6 38. Rg1 Rc4 39. Qe2 Re6 40.
Rf1 Qe4+ 41. f3 Qg6 42. g4 h5 43. Rg1 Rf6 44. Kf2 hxg4 45. hxg4 Rxg4 46. Rxg4
Qxg4 47. f4 Qh4+ 48. Kf1 Qh3+ 49. Kf2 Rg6 50. Qf1 Qh2+ 0-1

[Event "Offene Hessische Senioren Einzelmeisters"]
[Site "Bad Sooden- Allendorf"]
[Date "2011.05.04"]
[Round "5.12"]
[White "Peleikis, Horst"]
[Black "Zunker, Dr. Reinhard"]
[Result "0-1"]
[WhiteElo "2064"]
[BlackElo "2211"]
[PlyCount "84"]
[EventDate "2011.??.??"]

1. e4 g6 2. d4 Bg7 3. Nc3 a6 4. Be3 b5 5. Bd3 Bb7 6. f3 d6 7. Qd2 Nd7 8. Nh3 c5
9. dxc5 Nxc5 10. Be2 Rc8 11. Nf2 Ne6 12. Ncd1 Nf6 13. Nd3 Nd7 14. c3 Nb6 15.
Nf4 Nc4 16. Bxc4 Rxc4 17. Nd5 Rc8 18. O-O Nc5 19. Bd4 f6 20. Nf2 O-O 21. Rfd1
Rf7 22. Nd3 Na4 23. Qf2 e6 24. Nb6 Nxb6 25. Bxb6 Qe8 26. Nf4 Bf8 27. Rd2 Bh6
28. Be3 Rd7 29. Rad1 Bf8 30. h3 g5 31. Ne2 d5 32. e5 fxe5 33. Bxg5 Qg6 34. Be3
Rg7 35. Kh2 Be7 36. Rg1 Kh8 37. g4 Rf8 38. f4 Bd6 39. Qg3 Qe4 40. Rf1 Rgf7 41.
Qf3 Qxf3 42. Rxf3 d4 0-1

[Event "Offene Hessische Senioren Einzelmeisters"]
[Site "Bad Sooden- Allendorf"]
[Date "2011.05.04"]
[Round "5.13"]
[White "Kotlar, Alfred"]
[Black "van Geffen, Ben"]
[Result "0-1"]
[WhiteElo "2068"]
[BlackElo "2135"]
[PlyCount "74"]
[EventDate "2011.??.??"]

1. d4 c5 2. Bf4 cxd4 3. Bxb8 Rxb8 4. Qxd4 b6 5. Nf3 e6 6. e3 Nf6 7. Nbd2 Qc7 8.
c3 Bc5 9. Qe5 Bd6 10. Qd4 O-O 11. Rd1 Bc5 12. Qa4 d5 13. Be2 a6 14. O-O b5 15.
Qh4 e5 16. Ne1 h6 17. g4 Rb6 18. Ng2 Re8 19. Rfe1 Bb7 20. Bf1 Rd6 21. Kh1 Rdd8
22. g5 hxg5 23. Qxg5 Be7 24. Qg3 Nh5 25. Qg4 g6 26. e4 Nf6 27. Qh3 dxe4 28. Ne3
Bf8 29. Bg2 Bc5 30. Rg1 Rd3 31. Qh4 Bxe3 32. fxe3 Qd8 33. Qe1 Kg7 34. Bf1 Qd5
35. h3 Rh8 36. Kh2 Qe6 37. Nb3 Ng4+ 0-1

[Event "Offene Hessische Senioren Einzelmeisters"]
[Site "Bad Sooden- Allendorf"]
[Date "2011.05.04"]
[Round "5.14"]
[White "Holscher, Peter"]
[Black "Haase, Wolfgang"]
[Result "1-0"]
[WhiteElo "2085"]
[BlackElo "2100"]
[PlyCount "75"]
[EventDate "2011.??.??"]

1. d4 c5 2. d5 d6 3. c4 e5 4. Nc3 Ne7 5. e4 g6 6. Bd3 Bg7 7. Nge2 O-O 8. O-O
Nd7 9. a3 f5 10. g3 Nf6 11. f3 h6 12. Be3 g5 13. exf5 Nxf5 14. Bxf5 Bxf5 15. g4
Bg6 16. Ng3 Qd7 17. h3 Rae8 18. Nce4 Nxe4 19. fxe4 Rxf1+ 20. Qxf1 Rf8 $11 21.
Qe2 Qf7 22. Rf1 Qd7 23. Nf5 Rb8 24. b4 b6 25. b5 Bxf5 26. gxf5 Rf8 27. Kh2 Qe8
28. Rg1 Kh8 29. h4 gxh4 30. Rg6 Rf6 31. Rxf6 Bxf6 32. Bxh6 Qg8 33. Qg2 Qh7 34.
Bg5 Kg7 35. Kh3 Kf7 36. Bxf6 Kxf6 37. Qg4 Kf7 38. Qg5 1-0

[Event "Offene Hessische Senioren Einzelmeisters"]
[Site "Bad Sooden- Allendorf"]
[Date "2011.05.04"]
[Round "5.15"]
[White "Rychlik, Kurt"]
[Black "Haselhorst, Helmut"]
[Result "0-1"]
[WhiteElo "2106"]
[BlackElo "2119"]
[PlyCount "108"]
[EventDate "2011.??.??"]

1. e4 Nf6 2. e5 Nd5 3. d4 d6 4. c4 Nb6 5. exd6 exd6 6. Nf3 Be7 7. Nc3 O-O 8.
Bd3 Nc6 9. Be3 Re8 10. O-O Bg4 11. b3 Bf6 12. Be4 Qd7 13. Qd3 g6 14. h3 Nb4 15.
Qb1 d5 16. hxg4 dxe4 17. Nxe4 Bg7 18. g5 Rad8 19. Rd1 Nc8 20. a3 Na6 21. b4 Ne7
22. Nf6+ Bxf6 23. gxf6 Nf5 24. Bf4 Nd6 25. Qc1 Nb8 26. Be5 Nc6 27. c5 Nf5 28.
g4 Nfxd4 29. Qh6 Qxg4+ 30. Kf1 Nf5 31. Rxd8 Rxd8 32. Qh1 Nxe5 33. Nxe5 Rd1+ 34.
Rxd1 Qxd1+ 35. Kg2 Qd5+ 36. Nf3 Nd4 37. Qh3 h6 38. Qg4 Qxf3+ 39. Qxf3 Nxf3 40.
Kxf3 Kf8 41. Kg4 Ke8 42. f4 Kd7 43. f5 h5+ 44. Kg5 gxf5 45. Kxf5 h4 46. Kg4 Ke6
47. Kxh4 Kxf6 48. Kg4 Ke5 49. Kf3 Kd4 50. Kf4 Kc4 51. Ke5 a5 52. bxa5 Kxc5 53.
Kf6 Kb5 54. Kxf7 c5 0-1

[Event "Offene Hessische Senioren Einzelmeisters"]
[Site "Bad Sooden- Allendorf"]
[Date "2011.05.04"]
[Round "5.16"]
[White "Schlachetka, Werner"]
[Black "Just, Fred"]
[Result "1/2-1/2"]
[WhiteElo "2091"]
[BlackElo "2198"]
[PlyCount "60"]
[EventDate "2011.??.??"]

1. e4 d5 2. d3 dxe4 3. dxe4 Qxd1+ 4. Kxd1 Nf6 5. f3 Nbd7 6. Be3 e6 7. Nd2 Bc5
8. Bxc5 Nxc5 9. c3 a5 10. Kc2 Bd7 11. Nh3 O-O 12. Nf4 Bc6 13. Nc4 Nfd7 14. Nd3
Nxd3 15. Bxd3 Rfd8 16. Rad1 Kf8 17. Rd2 Bb5 18. Rhd1 Ke7 19. Na3 Bxd3+ 20. Rxd3
Nb6 21. Nb5 Rxd3 22. Rxd3 Rc8 23. Na7 Rd8 24. Rxd8 Kxd8 25. Nb5 Kd7 26. b3 Nc8
27. Kd3 e5 28. Na3 f6 29. Nc4 b6 30. a4 Kc6 1/2-1/2

[Event "Offene Hessische Senioren Einzelmeisters"]
[Site "Bad Sooden- Allendorf"]
[Date "2011.05.04"]
[Round "5.17"]
[White "Lang, Ferdinand"]
[Black "Kahn, Peter"]
[Result "1/2-1/2"]
[WhiteElo "2125"]
[BlackElo "2083"]
[PlyCount "104"]
[EventDate "2011.??.??"]

1. e4 e5 2. Nf3 Nc6 3. Bb5 g6 4. c3 a6 5. Ba4 d6 6. O-O Bg7 7. h3 Nf6 8. Re1
O-O 9. d4 Bd7 10. Nbd2 Qe8 11. d5 Ne7 12. Bb3 Nh5 13. Nf1 h6 14. g4 Nf6 15. Ng3
Nh7 16. Kg2 f5 17. g5 f4 18. gxh6 Bxh6 19. Qd3 g5 20. Ne2 Ng6 21. Rh1 Qe7 22.
Bd2 Kf7 23. Rag1 Rg8 24. Kf1 Nh4 25. Nh2 Rg6 26. c4 Rag8 27. Ng4 Nf6 28. f3 Nh5
29. Kf2 Kg7 30. Bc3 Kh7 31. Bc2 Rb8 32. a4 Rgg8 33. b4 Bg7 34. Bb3 Rge8 35. Rc1
b6 36. Bb2 c5 37. dxc6 Bxc6 38. Rhd1 Red8 39. b5 Bb7 40. Ba3 Bf8 41. Rd2 Nf6
42. Rcd1 Nxg4+ 43. hxg4 Qc7 44. Qc3 d5 45. exd5 Bxa3 46. Bc2+ Kh6 47. Qxa3 Qxc4
48. Qe7 Qc5+ 49. Qxc5 bxc5 50. Nc3 axb5 51. axb5 Ra8 52. Re2 Ra3 1/2-1/2

[Event "Offene Hessische Senioren Einzelmeisters"]
[Site "Bad Sooden- Allendorf"]
[Date "2011.05.04"]
[Round "5.18"]
[White "Stimpel, Franz"]
[Black "Noble, Alexander"]
[Result "1/2-1/2"]
[WhiteElo "2189"]
[BlackElo "2045"]
[PlyCount "102"]
[EventDate "2011.??.??"]

1. d4 e6 2. c4 f5 3. g3 Nf6 4. Bg2 d5 5. Nh3 c6 6. Qc2 Be7 7. O-O O-O 8. Nd2 h6
9. Nf4 Qe8 10. Nd3 Nbd7 11. Nf3 g5 12. Nfe5 Kg7 13. Rb1 Nxe5 14. Nxe5 Nd7 15.
b4 a6 16. a4 Nxe5 17. dxe5 b5 18. axb5 axb5 19. c5 Bd7 20. Bb2 Ra4 21. Bc3 Qa8
22. Ra1 Rb8 23. e3 Rb7 24. Qb2 Rba7 25. Rfb1 Be8 26. f4 Bh5 27. Bd4 Ra2 28. Qc1
Be2 29. Rxa2 Rxa2 30. Ra1 Kf7 31. Rxa2 Qxa2 32. Qb2 Qxb2 33. Bxb2 h5 34. Kf2
Bd3 35. Bf3 Kg6 36. Bd4 h4 37. Bd1 Bd8 38. Bf3 Be4 39. Be2 g4 40. Bd1 Bd3 41.
Bb3 Bc4 42. Bc2 Kf7 43. Ke1 Ke8 44. Bc3 Kd7 45. Kf2 Kc8 46. Ke1 Kb7 47. Kf2 h3
48. Ke1 Be7 49. Kd1 Ka6 50. Kd2 Kb7 51. Ke1 Kc7 1/2-1/2

[Event "Offene Hessische Senioren Einzelmeisters"]
[Site "Bad Sooden- Allendorf"]
[Date "2011.05.04"]
[Round "5.19"]
[White "Johannsen, Ingbert"]
[Black "Kripp, Wolfgang"]
[Result "0-1"]
[WhiteElo "2048"]
[BlackElo "2153"]
[PlyCount "52"]
[EventDate "2011.??.??"]

1. e4 Nf6 2. e5 Nd5 3. d4 d6 4. c4 Nb6 5. f4 dxe5 6. fxe5 Nc6 7. Be3 Bf5 8. Nf3
e6 9. a3 Bg4 10. Be2 Bxf3 11. gxf3 Qh4+ 12. Bf2 Qf4 13. Qd2 Qf5 14. Qd3 Qxd3
15. Bxd3 Rd8 16. Nd2 Nxd4 17. O-O-O Be7 18. Rhg1 g6 19. h4 Nc6 20. Be4 Nxe5 21.
Bxb7 Nd3+ 22. Kc2 Nxf2 23. Bc6+ Kf8 24. Rdf1 Nh3 25. Rg3 Nf4 26. Rg4 Ne2 0-1

[Event "Offene Hessische Senioren Einzelmeisters"]
[Site "Bad Sooden- Allendorf"]
[Date "2011.05.04"]
[Round "5.20"]
[White "Oud, Niek"]
[Black "Bendisch, Dr. Jürgen"]
[Result "1/2-1/2"]
[WhiteElo "2023"]
[BlackElo "1963"]
[PlyCount "67"]
[EventDate "2011.??.??"]

1. d4 d5 2. c4 c6 3. Nf3 Nf6 4. Qd3 e6 5. Nc3 Nbd7 6. Bg5 Be7 7. O-O-O Ng4 8.
Be3 b6 9. h3 Nxe3 10. fxe3 Ba6 11. b3 dxc4 12. bxc4 Ba3+ 13. Kc2 Qe7 14. Rb1
Rc8 15. Rb3 Bd6 16. e4 e5 17. e3 O-O 18. Qd2 Bb8 19. Bd3 Rfd8 20. Rf1 f6 21. g4
Bb7 22. h4 Rf8 23. Qg2 exd4 24. exd4 c5 25. d5 Ne5 26. Nxe5 Bxe5 27. Ne2 Rcd8
28. Rbb1 Bc8 29. Nf4 Qd6 30. Nh3 Bd7 31. Be2 Ba4+ 32. Kd2 Bg3 33. h5 Bh4 34.
Bd3 1/2-1/2

[Event "Offene Hessische Senioren Einzelmeisters"]
[Site "Bad Sooden- Allendorf"]
[Date "2011.05.04"]
[Round "5.21"]
[White "Arp, Frans"]
[Black "Gunnarson, Leif"]
[Result "1/2-1/2"]
[WhiteElo "2101"]
[BlackElo "1745"]
[PlyCount "62"]
[EventDate "2011.??.??"]

1. e4 c5 2. Nf3 d6 3. d4 cxd4 4. Nxd4 Nf6 5. Nc3 a6 6. Bg5 e6 7. f4 Be7 8. Qf3
Qc7 9. O-O-O Nbd7 10. Bd3 b5 11. Rhe1 Bb7 12. Qh3 b4 13. Nd5 Nxd5 14. exd5 Bxd5
15. Bxe7 Kxe7 16. Qh4+ Kf8 17. Nf5 Nc5 18. Nxg7 Bxa2 19. Bc4 Bxc4 20. Qh6 Ke7
21. Nf5+ Kd7 22. Qf6 Kc6 23. Nxd6 Ba2 24. Re5 Kb6 25. c4 Rhd8 26. Red5 Ka7 27.
Rxc5 Qxc5 28. Qxf7+ Kb6 29. Qxe6 Kc7 30. Qe7+ Kb6 31. Qb7+ Ka5 {
Rest nicht zu rekonstruieren} 1/2-1/2

[Event "Offene Hessische Senioren Einzelmeisters"]
[Site "Bad Sooden- Allendorf"]
[Date "2011.05.04"]
[Round "5.22"]
[White "Causevic, Ismet"]
[Black "Gousseinov, Aguif"]
[Result "1-0"]
[WhiteElo "1946"]
[BlackElo "1979"]
[PlyCount "60"]
[EventDate "2011.??.??"]

1. d4 d5 2. c4 c6 3. Nc3 Nf6 4. e3 e6 5. Nf3 Nbd7 6. Bd3 Bd6 7. O-O O-O 8. b3
Qe7 9. Bb2 dxc4 10. Bxc4 Nb6 11. Bd3 Rd8 12. Qe2 Nbd5 13. Rad1 Nxc3 14. Bxc3
Nd5 15. Ba1 f6 16. g3 Nb4 17. Bb1 Bd7 18. a3 Na6 19. b4 e5 20. dxe5 Bxe5 21.
Nxe5 fxe5 22. Qh5 g6 23. Ba2+ Kf8 24. Qxe5 Qxe5 25. Bxe5 Be8 26. Bf6 Rxd1 27.
Rxd1 Nc7 28. Be5 Rc8 29. Rd4 Ke7 30. Rd6 Bf7 1-0

[Event "Offene Hessische Senioren Einzelmeisters"]
[Site "Bad Sooden- Allendorf"]
[Date "2011.05.04"]
[Round "5.23"]
[White "Lindner, Jan-Joost"]
[Black "Schumacher, Helmut"]
[Result "1/2-1/2"]
[WhiteElo "2155"]
[BlackElo "2085"]
[PlyCount "43"]
[EventDate "2011.??.??"]

1. b4 d5 2. Bb2 Bf5 3. Nf3 e6 4. e3 Nf6 5. b5 Nbd7 6. Be2 h6 7. O-O Be7 8. c4
dxc4 9. Bxc4 O-O 10. d4 c5 11. Nbd2 Nb6 12. Qb3 Nxc4 13. Nxc4 Be4 14. Nfd2 Bd5
15. Qd3 b6 16. a4 Bb7 17. Rfc1 Rc8 18. Ne5 Qd5 19. f3 cxd4 20. Bxd4 Nd7 21. Qb3
Qxb3 22. Nxb3 1/2-1/2

[Event "Offene Hessische Senioren Einzelmeisters"]
[Site "Bad Sooden- Allendorf"]
[Date "2011.05.04"]
[Round "5.24"]
[White "Lenk, Wolfgang"]
[Black "Busic, Nedjeljko"]
[Result "1-0"]
[WhiteElo "2238"]
[BlackElo "2059"]
[PlyCount "69"]
[EventDate "2011.??.??"]

1. e4 g6 2. d4 Bg7 3. Nc3 d6 4. Be3 c6 5. Qd2 b5 6. d5 b4 7. Nd1 c5 8. f3 Ba6
9. Bxa6 Nxa6 10. Nh3 Nc7 11. a3 a5 12. axb4 axb4 13. Rxa8 Qxa8 14. O-O Qa7 15.
c3 b3 16. c4 Qa4 17. Qd3 Nf6 18. e5 Nd7 19. exd6 exd6 20. Bf4 Ne5 21. Bxe5 Bxe5
22. f4 Bd4+ 23. Kh1 O-O 24. f5 Qa6 25. fxg6 hxg6 26. Ng5 f5 27. Qh3 Rf7 28.
Nxf7 Kxf7 29. Qh7+ Bg7 30. Ne3 Ne8 31. g4 Nf6 32. Qh3 fxg4 33. Qxg4 Qa5 34.
Qe6+ Kf8 35. Ng4 1-0

[Event "Offene Hessische Senioren Einzelmeisters"]
[Site "Bad Sooden- Allendorf"]
[Date "2011.05.04"]
[Round "5.25"]
[White "Ahlberg, Günter"]
[Black "Achenbach, Manfred"]
[Result "0-1"]
[WhiteElo "2052"]
[BlackElo "2160"]
[PlyCount "65"]
[EventDate "2011.??.??"]

1. e4 c5 2. Nf3 d6 3. Bb5+ Nd7 4. d4 cxd4 5. Qxd4 a6 6. Bxd7+ Bxd7 7. Bg5 Qa5+
8. Bd2 Qc7 9. Nc3 e6 10. a4 Nf6 11. Bg5 Be7 12. O-O h6 13. Bh4 Rd8 14. Rad1 Bc6
15. Rfe1 O-O 16. h3 b5 17. axb5 axb5 18. Ra1 Ra8 19. Bg3 e5 20. Qd3 b4 21. Nd5
Bxd5 22. exd5 Rxa1 23. Rxa1 e4 24. Qe3 exf3 25. Ra7 Qxc2 26. Rxe7 Nxd5 27. Qe4
Qc1+ 28. Qe1 Qxb2 29. Rd7 Rc8 30. Kh2 Qe2 31. Qb1 fxg2 32. Qf5 Nf6 33. Re7 0-1

[Event "Offene Hessische Senioren Einzelmeisters"]
[Site "Bad Sooden- Allendorf"]
[Date "2011.05.04"]
[Round "5.26"]
[White "Schlag, Franz"]
[Black "Weyrauch, Erich"]
[Result "0-1"]
[WhiteElo "2110"]
[BlackElo "2184"]
[PlyCount "118"]
[EventDate "2011.??.??"]

1. c3 Nf6 2. f4 c5 3. d3 d5 4. Nf3 Nc6 5. Qc2 Bg4 6. Nbd2 Qc7 7. e3 g6 8. h3
Bd7 9. Be2 Bg7 10. O-O Rc8 11. Nh4 e6 12. e4 dxe4 13. dxe4 Nh5 14. Bxh5 gxh5
15. Ndf3 Bf6 16. Be3 Ne7 17. Rae1 Ng6 18. Nxg6 hxg6 19. f5 gxf5 20. exf5 Rg8
21. Bf2 Ke7 22. Qe2 b6 23. Bh4 Bxh4 24. Nxh4 Rg5 25. fxe6 fxe6 26. Qf3 Rcg8 27.
Qf6+ Ke8 28. Rf3 Qc6 29. Rd1 c4 30. Rd2 Qc5+ 31. Kh1 Qe7 32. Qf4 Rc5 33. Qb8+
Bc8 34. Qf4 Bb7 35. Rg3 Rf8 36. Qd6 Qxd6 37. Rxd6 Bd5 38. Rg7 Rf7 39. Rd8+ Kxd8
40. Rxf7 Rb5 41. Rxa7 Rxb2 42. Kg1 Rc2 43. Kf1 Rxc3 44. Ng6 Rc1+ 45. Ke2 Rc2+
46. Ke3 Rxg2 47. Ne5 c3 48. Nd3 Rg3+ 49. Kd4 c2 50. Nc1 Rxh3 51. Rh7 Rh1 52.
Kc3 Rxc1 53. Rh8+ Ke7 54. Kd2 Ra1 55. Kxc2 Rxa2+ 56. Kc3 Rh2 57. Kd4 h4 58. Ke5
h3 59. Rh7+ Ke8 0-1

[Event "Offene Hessische Senioren Einzelmeisters"]
[Site "Bad Sooden- Allendorf"]
[Date "2011.05.04"]
[Round "5.27"]
[White "Biller, Dr. Helmut"]
[Black "Kneschke, Hansjürgen"]
[Result "1/2-1/2"]
[WhiteElo "2139"]
[BlackElo "1871"]
[PlyCount "50"]
[EventDate "2011.??.??"]

1. d4 e6 2. c4 Nf6 3. Nc3 d5 4. Bg5 Be7 5. e3 Nbd7 6. Nf3 c6 7. cxd5 exd5 8.
Bd3 h6 9. Bh4 O-O 10. Qc2 Re8 11. O-O Ne4 12. Bxe7 Qxe7 13. Bxe4 dxe4 14. Nd2
Nf6 15. Rab1 b6 16. b4 Ba6 17. b5 cxb5 18. Nxb5 Rac8 19. Qa4 Bxb5 20. Rxb5 Qd7
21. Qb3 Qc6 22. Rb4 Qc2 23. Nc4 Qxb3 24. axb3 Nd5 25. Rb5 Nc3 1/2-1/2

[Event "Offene Hessische Senioren Einzelmeisters"]
[Site "Bad Sooden- Allendorf"]
[Date "2011.05.04"]
[Round "5.28"]
[White "Kopp, Dr. Peter"]
[Black "Mann, Klaus-Dieter"]
[Result "1/2-1/2"]
[WhiteElo "2126"]
[BlackElo "2116"]
[PlyCount "46"]
[EventDate "2011.??.??"]

1. e4 e5 2. Nf3 Nc6 3. Bb5 a6 4. Ba4 Nf6 5. O-O Be7 6. Re1 b5 7. Bb3 d6 8. c3
Nb8 9. d4 Nbd7 10. Bxf7+ Kxf7 11. Ng5+ Kg6 12. f4 exf4 13. Ne6 Qg8 14. Nxf4+
Kf7 15. e5 dxe5 16. dxe5 Nxe5 17. Rxe5 Bd6 18. Qb3+ Kf8 19. Ne6+ Bxe6 20. Rxe6
Qf7 21. Re1 Re8 22. Qxf7+ Kxf7 23. Rf1 Kg6 1/2-1/2

[Event "Offene Hessische Senioren Einzelmeisters"]
[Site "Bad Sooden- Allendorf"]
[Date "2011.05.04"]
[Round "5.29"]
[White "Gudat, Alfons"]
[Black "Blab, Ludwig"]
[Result "0-1"]
[WhiteElo "2051"]
[BlackElo "2146"]
[PlyCount "62"]
[EventDate "2011.??.??"]

1. e4 e6 2. d4 d5 3. Nc3 Nf6 4. Bd3 dxe4 5. Nxe4 Nbd7 6. Nf3 Nxe4 7. Bxe4 Nf6
8. Bg5 c6 9. O-O Qb6 10. Bxf6 gxf6 11. b3 Bd7 12. c4 h5 13. Re1 O-O-O 14. a3 h4
15. h3 f5 16. Bc2 f6 17. b4 Qc7 18. d5 e5 19. Qb1 Rh5 20. Rd1 c5 21. Ra2 Bd6
22. Rb2 b6 23. Ne1 Rg8 24. bxc5 Bxc5 25. Nd3 Rhg5 26. Ne1 e4 27. d6 Bxd6 28.
Bxe4 fxe4 29. Qxe4 Be5 30. Rxb6 Qxb6 31. c5 Qc6 0-1

[Event "Offene Hessische Senioren Einzelmeisters"]
[Site "Bad Sooden- Allendorf"]
[Date "2011.05.04"]
[Round "5.30"]
[White "Geisensetter, Franz"]
[Black "Kühn, Peter"]
[Result "1/2-1/2"]
[WhiteElo "2082"]
[BlackElo "1993"]
[PlyCount "156"]
[EventDate "2011.??.??"]

1. e4 c5 2. Nf3 Nc6 3. b3 d6 4. Bb2 Nf6 5. e5 dxe5 6. Nxe5 Nxe5 7. Bxe5 a6 8.
a4 e6 9. Be2 Be7 10. O-O O-O 11. Bf3 Nd7 12. Bb2 Bf6 $11 13. Bxf6 Nxf6 14. Na3
Rb8 15. Qe2 Qc7 16. Nc4 b5 17. axb5 axb5 18. Qe5 Qxe5 19. Nxe5 Bb7 20. Bxb7
Rxb7 21. Ra5 g6 22. Rfa1 Kg7 23. Ra8 Rxa8 24. Rxa8 Rc7 25. Kf1 Nd5 26. g3 f6
$11 27. Ng4 h5 28. Ne3 Ne7 29. Rb8 b4 30. Ke2 Nc6 31. Rb6 g5 32. c3 f5 33. Nc4
Kf6 34. Rb5 bxc3 35. dxc3 Ne7 36. Ne3 Ng6 37. Rb6 Ke5 38. Nc4+ Kf6 39. Nd6 Ke5
40. Nb7 Nf8 41. Rb5 Kd5 42. Na5 Kd6 43. Rb6+ Kd5 44. Nc4 Ra7 45. Rb8 Rf7 46.
Rb6 Rd7 47. Ne3+ Ke5 48. Rc6 Ra7 49. Rxc5+ Kd6 50. b4 Ra2+ 51. Kf3 Nd7 52. Nc4+
Ke7 53. Rc7 Kd8 54. Rc6 Rc2 55. Ne3 Ne5+ 56. Kg2 Rxf2+ 57. Kxf2 Nxc6 58. Ke2
Kc7 59. Nc4 Ne7 60. Kd3 Nd5 61. b5 f4 62. gxf4 Nxf4+ 63. Ke3 Nd5+ 64. Kd4 g4
65. Ne5 Nf6 66. c4 h4 67. Ng6 g3 68. hxg3 h3 69. Nf4 h2 70. Nxe6+ Kb7 71. Ke5
h1=Q 72. Kxf6 Qf1+ 73. Ke7 Qxc4 74. Kf6 Qxb5 75. g4 Qb2+ 76. Ke7 Qb4+ 77. Kf6
Qxg4 78. Ke7 Kc6 1/2-1/2